L'economie Europeenne

সংরক্ষণ করুন:
গ্রন্থ-পঞ্জীর বিবরন
প্রধান লেখক: D'Herouville, Hubert
বিন্যাস: গ্রন্থ
ভাষা:Undetermined
প্রকাশিত: Paris Presses Universitaires de France 1975
বিষয়গুলি:
ট্যাগগুলো: ট্যাগ যুক্ত করুন
কোনো ট্যাগ নেই, প্রথমজন হিসাবে ট্যাগ করুন!
Thư viện lưu trữ: Trung tâm Học liệu Trường Đại học Cần Thơ
LEADER 00484nam a2200181Ia 4500
001 CTU_83068
008 210402s9999 xx 000 0 und d
082 |a 330 
082 |b H562 
100 |a D'Herouville, Hubert 
245 0 |a L'economie Europeenne 
245 0 |c Hubert D'Herouville 
260 |a Paris 
260 |b Presses Universitaires de France 
260 |c 1975 
650 |a Economic 
904 |i QHieu(sửa) 
980 |a Trung tâm Học liệu Trường Đại học Cần Thơ